Italian Top Football Teams' Greatest Defenses - Statistics

General Stats
  • This quiz has been taken 73 times
  • The average score is 13 of 18
Answer Stats
Team Pos. Nationality Player % Correct
Juventus: Unbeaten Season in 2011/12 GK Italian Gianluigi Buffon
99%
AC Milan: 9-game Strick Without Conceding in 1993/94 LB Italian Paolo Maldini
99%
Juventus: Unbeaten Season in 2011/12 CB Italian Leonardo Bonucci
93%
Juventus: Unbeaten Season in 2011/12 CB Italian Giorgio Chiellini
90%
Inter: Treble Season in 2009/2010 RB / CM / RM Argentine Javier Zanetti
85%
AC Milan: 9-game Strick Without Conceding in 1993/94 CB Italian Franco Baresi
82%
Inter: Treble Season in 2009/2010 GK Brazilian Julio Cesar
82%
Inter: Treble Season in 2009/2010 RB Brazilian Maicon
81%
Juventus: Unbeaten Season in 2011/12 CB Italian Andrea Barzagli
76%
Inter: Treble Season in 2009/2010 LB / CB / DM Romanian Cristian Chivu
75%
Inter: Treble Season in 2009/2010 CB Brazilian Lucio
74%
Inter: Treble Season in 2009/2010 CB Argentine Walter Samuel
65%
AC Milan: 9-game Strick Without Conceding in 1993/94 CB Italian Alessandro Costacurta
59%
Inter: Treble Season in 2009/2010 CB Italian Marco Materazzi
56%
Inter: Treble Season in 2009/2010 CB Colombian Ivan Cordoba
53%
AC Milan: 9-game Strick Without Conceding in 1993/94 GK Italian Sebastiano Rossi
44%
AC Milan: 9-game Strick Without Conceding in 1993/94 RB Italian Mauro Tassotti
28%
AC Milan: 9-game Strick Without Conceding in 1993/94 RB Italian Christian Panucci
16%
No matching quizzes found
Score Distribution
Percent of People with Each Score
Percentile by Number Answered
Your Score History
You have not taken this quiz